000
00332nam a2200145Ia 4500
008
230917s9999||||xx |||||||||||||| ||und||
040
_e
200805
_a
MAIN
041
_a
English
082
_a
822.33 S15K
100
_a
Shakespeare, William
245
0
_a
King Lear
260
_a
New York
_b
Dover
_c
1963
300
_a
287 p.
942
_c
BK
999
_c
50146
_d
50146